000 00717nam a2200253Ia 4500
003 OSt
005 20220923222224.0
006 a|||||r|||| 00| 0
007 ta
008 ORI
024 _a203,825
037 _cTextual
040 _aARTS
_cARTS
_bORI
041 _2ORI
_aORI
082 _aO1591,3NRO,AR, 152M4
100 _aराय, प्रतिभा
245 0 _aअरण्य
246 _aAraṇya
260 _aदिल्ली
_b वाणी प्रका0
_c1984
300 _a134पृ0
_ccm.
650 _aसिन्धी साहित्य
_9156264
942 _hO1591,3NRO,AR, 152M4
_cTEXL
_2CC
999 _c354575
_d354575